Strategické riadenie v poľnohospodárskych podnikoch v SR

Bibliographic Details
Main Authors: Szabo, Ľuboslav, 1947- (Author), Jankelová, Nadežda, 1966- (Author)
Format: Article
Language:Slovak
PhysicalDescription:Tab.
ISSN:1335-2571
Subjects:

MARC

LEADER 00000nab a2200000 ar4500
001 vtls008886000
003 SK-MaSNL
005 20260426101620.0
008 250505c2006 xo fr|p|||||||000 b|slo
015 |a SNBRB2006/11  |2 snkbucl 
035 |a (uuid)55e89bab-87fc-4b09-9c26-6932a3d8e38a 
035 |a urn:nbn:sk:snk-abf4v8 
035 |a (urnnbn)urn:nbn:sk:snk:ar-a09tdo 
038 |a SNKBUCL 
040 |a SNKBUCL  |b slo  |c SNKBUCL  |e AACR2 
041 0 |a slo  |b eng  |b slo 
044 |a xo  |c SK 
080 |a 631.1  |x (437.6)  |2 1997 
080 |a 658.012.43.012.2:631  |x (437.6)  |2 1997 
100 1 |a Szabo, Ľuboslav,  |d 1947-  |4 aut  |9 208204 
245 1 0 |a Strategické riadenie v poľnohospodárskych podnikoch v SR  |c Ľuboslav Szabo, Nadežda Jankelová 
246 3 1 |a Strategic management in agrarian enterprises in the Slovak Republic 
300 |b Tab. 
504 |a Bibliogr. odkazy 
546 |a Súbežný názov angl. ; res. angl., slov. 
650 0 7 |a poľnohospodárske podniky  |2 snkbucl  |9 4194 
650 0 7 |a strategický manažment  |2 snkbucl  |9 3637 
651 7 |a Slovensko  |2 snkbucl  |9 14231 
655 7 |a štúdie  |2 snkbucl  |9 57033 
700 1 |a Jankelová, Nadežda,  |d 1966-  |4 aut  |9 209547 
773 0 |t Acta oeconomica et informatica  |g Roč. 9., č. 2 (2006), s. 37-42  |x 1335-2571 
850 |a Slovenská národná knižnica 
852 |a Slovenská národná knižnica 
954 |a odborná, vedecká literatúra pôvodná (slovenská)  |2 lita 
958 |a article27 
958 |a NB 
958 |a SK 
958 |a OND 
958 |a EUIPO 
999 |c 3234530  |d 3236460